ბათუმის შოთა რუსთაველის სახელმწიფო უნივერსიტეტის ბიბლიოთეკა

Architecture,form,Space & Order / (ბიბ.ჩანაწერი № 41101)

000 -LEADER
fixed length control field 00662nam a2200217Ia 4500
001 - CONTROL NUMBER
control field 7751
003 - CONTROL NUMBER IDENTIFIER
control field GE_BSU
005 - DATE AND TIME OF LATEST TRANSACTION
control field 20220923153044.0
008 - FIXED-LENGTH DATA ELEMENTS--GENERAL INFORMATION
fixed length control field 181216s2007en xx |||||||||||||| ||eng||
020 ## - INTERNATIONAL STANDARD BOOK NUMBER
International Standard Book Number 9780471752165
040 ## - CATALOGING SOURCE
Transcribing agency GE_BSU
041 ## - LANGUAGE CODE
Language code of text/sound track or separate title eng
080 ## - UNIVERSAL DECIMAL CLASSIFICATION NUMBER
Universal Decimal Classification number 720.1 C-52
100 ## - MAIN ENTRY--PERSONAL NAME
Personal name Ching, Francis D.K.
9 (RLIN) 14751
245 ## - TITLE STATEMENT
Title Architecture,form,Space & Order /
Statement of responsibility, etc. Francis D.K. Ching
264 ## - PRODUCTION, PUBLICATION, DISTRIBUTION, MANUFACTURE, AND COPYRIGHT NOTICE
Place of production, publication, distribution, manufacture New Jersey :
Name of producer, publisher, distributor, manufacturer John Wiley,
Date of production, publication, distribution, manufacture, or copyright notice 2007.
300 ## - PHYSICAL DESCRIPTION
Extent 431 p.;
Other physical details CD-Rom
Dimensions 28cm.
653 ## - INDEX TERM--UNCONTROLLED
keyword Architecture,form,Space & Order
653 ## - INDEX TERM--UNCONTROLLED
keyword არქიტექტურა, ფორმა, სივრცე და წესრიგი
942 ## - ADDED ENTRY ELEMENTS (KOHA)
Koha item type წიგნი
Source of classification or shelving scheme
ეგზემპლარები
Withdrawn status Lost status Source of classification or shelving scheme Damaged status Not for loan Permanent Location Current Location Shelving location Date acquired Cost, normal purchase price Full call number Barcode Date last seen Copy number Price effective from Koha item type Public note
          ბათუმის შოთა რუსთაველის სახელმწიფო უნივერსიტეტის მთავარი ბიბლიოთეკა ტექნოლოგიური ფაკულტეტის ბიბლიოთეკა წიგნსაცავი 2018-12-17 80.00 720.1 C-52 24139 2018-12-17 24139 2018-12-17 წიგნი 80gel.